|
|
|
|
| LEADER |
00000nam a2200000 a 4500 |
| 001 |
vtls001354764 |
| 003 |
SK-MaSNL |
| 005 |
20260301010453.0 |
| 008 |
240313s1998 xo a y 0 slo |
| 015 |
|
|
|a SNBE1999/01-00445
|
| 020 |
|
|
|a 8096810375
|
| 035 |
|
|
|a SNK000308213
|
| 040 |
|
|
|a SNK
|b slo
|c SNK
|e AACR2
|
| 044 |
|
|
|a xo
|c SK
|
| 080 |
|
|
|a 908.437.677(085)
|2 1981
|
| 080 |
|
|
|a 929.6
|2 1981
|
| 080 |
|
|
|a 943.76
|2 1981
|
| 100 |
1 |
|
|a Grieger, Viliam
|4 aut
|9 292330
|
| 245 |
1 |
|
|a Obec Betliar v rokoch 1990-1998
|c Viliam Grieger, Ján Šlosár, Alexander Maduda ; zostavil Viliam Grieger ; graficky upravila Ľuba Ivančová
|
| 260 |
|
|
|a Rožňava
|b IMI
|c 1998
|
| 300 |
|
|
|a 24 s.
|b fotogr., kres.
|c 21x15 cm
|
| 648 |
|
7 |
|a 1990-1998
|2 SNKPH
|9 292331
|
| 650 |
0 |
7 |
|a dejiny
|2 SNKPH
|9 3825
|
| 651 |
|
7 |
|a Betliar (Slovensko)
|2 SNKPhgeo
|9 20285
|
| 655 |
|
7 |
|a výročné správy
|2 SNKPH
|9 70580
|
| 700 |
1 |
|
|a Šlosár, Ján,
|d 1927-2004
|4 aut
|9 109248
|
| 700 |
1 |
|
|a Maduda, Alexander
|4 aut
|9 292332
|
| 700 |
1 |
|
|a Ivančová, Ľuba
|4 gup
|9 292333
|
| 919 |
|
|
|a 80-968103-7-5
|
| 958 |
|
|
|a TL
|
| 958 |
|
|
|a BQ
|
| 999 |
|
|
|c 548201
|d 550131
|
| 952 |
|
|
|t P60, <03>, [BOOK], {603}
|a SNK
|b SNK
|y PREZ
|7 0
|p 17A0181960
|o snkOSC 20079
|i snkKSP 1365/99
|0 0
|1 0
|4 0
|d 1999-02-10
|l 0
|r 2005-01-02 00:00:00
|w 2026-02-23
|
| 952 |
|
|
|t P60, <04>, [BOOK], {604}
|a SNK
|b SNK
|y VYP
|7 0
|p 17A0181959
|o snkOSC 20079 D1
|i snkKSP 1366/99
|0 0
|1 0
|4 0
|d 1999-02-10
|l 0
|r 2005-01-02 00:00:00
|w 2026-02-23
|